[Event "Mumbai Wealth op 4th"]
[Site "Mumbai"]
[Date "2019.01.07"]
[Round "9"]
[White "Mosadeghpour, Masoud"]
[Black "Konguvel, Ponnuswamy"]
[Result "1-0"]
[WhiteElo "2520"]
[BlackElo "2282"]
[PlyCount "81"]
[EventDate "2018.12.30"]
[EventType "swiss"]
[EventRounds "9"]
[EventCountry "IND"]
[SourceTitle "CBM 188 Extra"]
[Source "ChessBase"]
[SourceDate "2019.02.26"]
[SourceVersion "1"]
[SourceVersionDate "2019.02.26"]
[SourceQuality "1"]

1. e4 c5 2. d4 cxd4 3. c3 dxc3 4. Nxc3 Nc6 5. Nf3 d6 6. Bc4 a6 7. O-O Nf6 8. Be3 e6 9. Qe2 Be7 10. Rfd1 Bd7 11. Bf4 e5 12. Be3 $146 ({RR} 12. Bg5 Bg4 13. Qd3 Bxf3 14. Qxf3 Nd4 15. Qh3 O-O 16. a3 Kh8 17. Ba2 Ng8 18. Bd2 Bg5 19. Be3 Nc2 20. Bc5 Nxa1 21. Bxd6 Nc2 22. Bb1 Nd4 23. Bxe5 Ne2+ 24. Kf1 Nxc3 25. Rxd8 Rfxd8 26. Qxc3 f6 {Sanchez Maya,S (2194)-Shyam,N (2393) Kemer 2009 0-1 (53)}) 12... O-O 13. Rac1 Rc8 14. a3 b5 15. Ba2 Na5 16. Bg5 Bg4 17. h3 Bxf3 18. Qxf3 Nc6 19. Be3 Na5 20. Bg5 Nc6 21. Be3 Na5 22. Qe2 Nc4 23. Bg5 Nxe4 24. Nxe4 Bxg5 25. Rxc4 bxc4 26. Nxd6 Qc7 27. Nxc8 Rxc8 28. Qg4 h6 29. h4 Bf6 30. Rc1 Rd8 31. Rxc4 Qa5 32. Rb4 Rd4 33. Rb8+ Bd8 34. Qf5 Qc7 35. Rc8 Qe7 36. Bb3 e4 37. Qf4 Rd7 38. h5 Kf8 39. Ra8 Rb7 40. Bxf7 Qxf7 41. Rxd8+ 1-0

[Event "Tula Igriashvili Memorial"]
[Site "Tula "]
[Date "2006.04.02"]
[Round "11"]
[White "Novikov, Maxim"]
[Black "Krasnov, Yury"]
[Result "1-0"]
[WhiteElo "2518"]
[BlackElo "2368"]
[PlyCount "43"]
[EventDate "2006.03.26"]
[EventType "tourn"]
[EventRounds "14"]
[EventCountry "RUS"]
[EventCategory "8"]
[SourceTitle "EXT 2008"]
[Source "ChessBase"]
[SourceDate "2007.11.25"]
[SourceVersion "1"]
[SourceVersionDate "2007.11.25"]
[SourceQuality "1"]

1. e4 c5 2. d4 cxd4 3. c3 dxc3 4. Nxc3 d6 5. Nf3 Nf6 6. Bc4 Nc6 7. O-O e6 8. Bf4 Be7 9. Nb5 ({RR} 9. Qd2 O-O 10. Rfd1 e5 11. Bg3 Bg4 12. Qe3 Nd4 13. Nxd4 Bxd1 14. Rxd1 exd4 15. Qxd4 Qa5 16. Bb3 Rfd8 17. Bf4 Qc5 18. Qd3 Ng4 19. Qg3 Qh5 20. Nd5 Bh4 21. Qf3 Bxf2+ 22. Kh1 Bh4 23. Rf1 Qg6 {Nitish,B (2351)-Esipenko,A (2682) Chess.com INT 2020 1-0}) 9... e5 10. Bg5 Nxe4 ({RR} 10... a6 11. Bxf6 gxf6 12. Nc3 Bg4 13. h3 Be6 14. Nd5 Rg8 15. Kh1 Rc8 16. Rc1 b5 17. Bd3 Na5 18. Rxc8 Qxc8 19. Qd2 Bxh3 20. g3 Bxf1 21. Bxf1 Nc4 22. Qh6 Qg4 23. Ng1 Qxe4+ 24. Bg2 Qg6 25. Qh3 {Ghoreishi Amiri,S (2215)-Mateus,M (1963) chess.com INT 2025 0-1 (43)}) 11. Bxe7 $146 ({RR} 11. Qd5 Be6 12. Qxe4 d5 13. Bxe7 Nxe7 14. Qxe5 O-O 15. Nc7 dxc4 16. Nxa8 Qxa8 17. Nd4 Ng6 18. Qg3 Bd7 19. Rfe1 a6 20. Rad1 b5 21. Nf3 Bc6 22. Rd6 Qc8 23. Nd4 Bb7 24. Rb6 Rd8 25. Qc3 Nf4 {Parrish,O (1863)-Alcock,J (1563) Chess.com INT 2022 0-1 (37)}) ({RR} 11. Qd5 Be6 12. Qxe4 d5 13. Bxe7 Nxe7 14. Qxe5 O-O 15. Nc7 dxc4 16. Nxa8 Qxa8 17. Nd4 Ng6 18. Qg3 Bd7 19. Rfe1 a6 20. Rad1 b5 21. Nf3 Bc6 22. Rd6 Qc8 23. Nd4 Bb7 24. Rb6 Rd8 25. Qc3 Nf4 {Parrish,O (1863)-Alcock,J (1563) Chess.com INT 2022 0-1 (37)}) 11... Qxe7 12. Re1 f5 13. Rxe4 fxe4 14. Nxd6+ Kf8 15. Nxe4 Be6 16. Bxe6 Qxe6 17. Nfg5 Qg6 18. Qf3+ Ke8 19. h4 h6 20. h5 Nd4 21. hxg6 Nxf3+ 22. Nxf3 1-0

[Event "Varazdin GM"]
[Site "Varazdin"]
[Date "2003.11.28"]
[Round "7"]
[White "Topalovic, Zlatko"]
[Black "Dumpor, Atif"]
[Result "1-0"]
[WhiteElo "2514"]
[BlackElo "2364"]
[Annotator "Bangiev,Alexander J"]
[PlyCount "71"]
[EventDate "2003.11.24"]
[EventType "tourn"]
[EventRounds "10"]
[EventCountry "CRO"]
[EventCategory "10"]
[SourceTitle "CBM 099"]
[Source "ChessBase"]
[SourceDate "2004.03.30"]
[SourceVersion "1"]
[SourceVersionDate "2004.03.30"]
[SourceQuality "1"]

1. e4 c5 2. d4 cxd4 3. c3 dxc3 4. Nxc3 d6 5. Bc4 e6 6. Nf3 Be7 7. Qe2 Nc6 8. O-O a6 9. Rd1 {Diese Stellung gilt als die Ausgangsstellung für Weiß. Für den geopferten Bauern verfügt Weiß über einen beachtlichen Entwicklungsvorsprung. Dies reicht allein nicht aus, um Vorteil zu erzielen. Weiß muss vor allem bestrebt sein, seinen Entwicklungsvorsprung in Initiative zu verwandeln. Dazu verfügt er über die offene c-Linie, wo er sich aktiv zeigen soll und dadurch das Druckspiel am Damenflügel zu steigen. Die Bemühungen des Anziehenden sollen sich daran konzentrieren den Stützpunkt auf c6 zu stürzen.} b5 {Dieser Zug stellt möglicherweise einen strategischen Fehler dar, vor allem darum, dass der Springer auf c6 nicht mehr gestützt ist. Sollte Weiß auf der c-Linie angreifen, könnte er in der Folge den c6 vertreiben und in den schwarzen Spielraum eindringen.} 10. Bb3 Ra7 {Wegen des starken Drucks des Weißen auf der d-Linie bemüht sich Schwarz die Dame auf d8 zu schützen oder eine sichere Position zu finden, was nun (die c-Linie ist nicht mehr sicher) eine schwierige Aufgabe darstellt.} (10... Qc7 11. Bf4 Nf6 12. Rac1 $14) 11. Be3 {ac1} (11. e5 Rd7 12. exd6 Bxd6 (12... Rxd6 13. Bf4) 13. Ne4) 11... Rd7 {Schwarz versucht mit diesem verdächtigen Manöver (z.B. wird nun die Schwächung der Grundreihe auffällig) die Dame auf d8 zu sichern.} 12. Rac1 Bb7 {Die schwarze Stellung sieht auf den ersten Blick richtig sicher aus. Doch soll und kann der beachtliche weiße Entwicklungsvorsprung seine Wirkung finden. Das Motiv dafür stellt die knappe Verteidigung auf c-Linie und auf der Grundreihe dar. Weiß verfügt über mehrere Züge, wie etwa 13.xb5 oder 13.d4 aber auch 13.a4 oder 13. a4, die sorgfältig überprüft werden sollen.} 13. Na4 $1 {[%mdl 512] Eine auf den ersten Blick überraschende Idee! Es droht 14.b6. Nach einem kurzen Überlegen wird schnell klar, dass Schwarz auf a4 nehmen muss, was das schwache Feld c6 endgültig in Reichweite der weißen Figuren bringt.} (13. Nxb5 {Dies stellt eine der Möglichkeiten den Damenflügel zu öffnen dar.} axb5 14. Qxb5 Nf6 15. Rxc6 Bxc6 16. Qxc6 O-O 17. Ba4 {Mit weißer Initiative}) (13. a4 $6 {Dies reicht nicht aus, das Spiel am Damenflügel zu öffnen} b4 14. Nb5 axb5 15. Qxb5 Qa8 $19) 13... bxa4 14. Bxa4 {Die Folge des Springeropfers auf a4 sind offensichtlich: dem Weißen ist es gelungen die Diagonale a4-e8 zu erobern, den c6 unter Beschuss zu nehmen.} Nb8 (14... Qa8 15. Qc4 Nb8 16. Qb3 $1 (16. Ne5 {Dies genügt nicht} dxe5 17. Qc8+ Bxc8 18. Rxc8+ Bd8 19. Rxd7 Nxd7 20. Rxa8 Ngf6) 16... Kf8 17. Bxd7 Nxd7 18. Rc7 Bc6 19. Qc3 $16) 15. e5 $1 {Weiß strebt danach die Stellung zu öffnen. Bekanntlich kommt die Öffnung der Stellung in der Regel der Seite zugute, die über Entwicklungsvorsprung bzw. Stellungsvorteil verfügt.} (15. Ba7 Nf6 16. e5 Nd5) 15... Bxf3 $6 {Schwarz möchte damit die Stellung vereinfachen. Dadurch sollen aber die weißen Felder im schwarzen Spielraum entscheidend geschwächt sein.} (15... dxe5 16. Nxe5 Nf6 17. Bg5 Nd5 {Trotz des gewaltigen Entwicklungsvorsprungs, wird es dem Weißen nicht einfach fallen, diesen in Stellungsvorteil umzuwandeln.} 18. Bxe7 Qxe7 19. Nxd7 Nxd7 20. Rxd5 exd5 21. Bxd7+ Kd8 (21... Kxd7 $2 22. Rc7+) 22. Qxe7+ Kxe7 23. Rc7 $14) 16. Qxf3 d5 17. Ba7 {Ein starker Zug. Der Springer b8 ist offenbar zum Angriffsziel geworden. b3} Bg5 {Dies gefährdet die schwarze Stellung noch mehr. Man sollte in einer unentwickelten Stellung logischerweise auf jede Aktivität verzichten, die nicht die Entwicklung der eigenen Stellung fördert.} (17... Nh6 $5 { 0-0} 18. Qc3 (18. Qb3 O-O 19. Bxb8 Qxb8 20. Bxd7 Qxe5 $14) 18... O-O 19. Bxb8 Rb7 20. Bc7 $14) (17... Kf8 18. Bxb8 Rb7 19. Bd6 $16) 18. Qb3 $146 ({RR} 18. Rc3 Ne7 19. Rb3 Nbc6 20. Bb6 Qa8 21. h4 Bh6 22. g4 g6 23. Bc5 O-O 24. Bd6 Rc8 25. Rb6 Rb7 26. Qb3 Rxb6 27. Qxb6 Bf4 {0-1 (27) Topalovic,Z (2315)-Feletar,D (2330) Makarska Tucepi 1995}) 18... Bxc1 19. Rxc1 {Nun bricht die schwarze Stellung am Damenflügel zusammen.} Nh6 (19... f5 20. Bxb8 Ne7 21. Bc7 $18) 20. Bb6 $18 {Die Schwächung der Grundreihe im 10. Zug (10...a7) zeigt doch Wirkung.} O-O {Schwarz hat keine andere Wahl mehr} (20... Qg5 $2 21. Rc8+) 21. Bxd8 Rdxd8 22. h3 Nd7 23. Bxd7 Rxd7 24. Rc6 Ra7 25. Qa4 Rfa8 26. g4 Kh8 27. Qc2 Ng8 28. Rc7 g6 29. Qc5 Rxc7 30. Qxc7 Kg7 31. b4 h5 32. g5 Kf8 33. Qc6 Ra7 34. Qc5+ Re7 35. Qc8+ Re8 36. Qxa6 {Eine mustergültige Partie zum Thema "Aktive Eröffnungsstrategie"} 1-0

[Event "Titled Tuesday intern op 13th Apr"]
[Site "Chess.com INT"]
[Date "2021.04.13"]
[Round "1"]
[White "Nasuta, Grzegorz"]
[Black "Gevorgyan, Maria"]
[Result "1-0"]
[WhiteElo "2512"]
[BlackElo "2219"]
[PlyCount "40"]
[EventDate "2021.04.13"]
[EventType "swiss (blitz)"]
[EventRounds "11"]
[EventCountry "USA"]
[SourceTitle "CBM 201 Extra"]
[Source "ChessBase"]
[SourceDate "2021.05.30"]
[SourceVersion "1"]
[SourceVersionDate "2021.05.30"]
[SourceQuality "1"]

1. e4 c5 2. Nc3 Nc6 3. Bb5 g6 4. Bxc6 dxc6 5. d3 Bg7 6. f4 Nf6 7. Nf3 O-O 8. O-O b6 9. Qe1 Bb7 ({RR} 9... Ba6 10. b3 Nd7 11. e5 f6 12. Bb2 fxe5 13. fxe5 Qc7 14. Nd1 Rf4 15. e6 Bxb2 16. Nxb2 Nf6 17. Qe5 Rc8 18. Rae1 Qxe5 19. Nxe5 Rxf1+ 20. Kxf1 Bb7 21. a4 Rf8 22. Kg1 Nd5 23. Nbc4 Nf4 24. Nd7 {Indjic,A (2641)-Kanakaris,G (2391) chess.com INT 2023 1-0 (43)}) ({RR} 9... Ba6 10. f5 Qc7 11. Qh4 e5 12. Bh6 Qe7 13. Ng5 Nh5 14. Bxg7 Kxg7 15. Ne6+ {1-0 (15) Bersamina,P (2411)-Naudin,Y (1916) Bangkok THA 2025}) 10. f5 $146 ({RR} 10. Kh1 Qc7 11. Qh4 c4 12. f5 cxd3 13. cxd3 c5 14. Bh6 Rad8 15. Bxg7 Kxg7 16. e5 Ng8 17. Ne4 Rxd3 18. f6+ exf6 19. Nxf6 h6 20. Nxg8 Rxg8 21. Qf6+ Kh7 22. Ng5+ hxg5 23. Qxg5 Rd4 24. Rf4 Rxf4 {Antunes,L (2045)-Senthilkumar,P (1971) chess.com INT 2024 0-1 (44)}) 10... e6 11. e5 Nd5 12. f6 Nxf6 13. exf6 Bxf6 14. Bh6 Bg7 15. Bxg7 Kxg7 16. Qe5+ f6 17. Qxe6 Re8 18. Qg4 b5 19. Qg3 Qd7 20. Ne4 Qe7 1-0

[Event "Titled Tuesday intern op 01st Mar Early"]
[Site "Chess.com INT"]
[Date "2022.03.01"]
[Round "7"]
[White "Mosadeghpour, Masoud"]
[Black "Sarana, Alexey"]
[Result "1-0"]
[WhiteElo "2511"]
[BlackElo "2685"]
[PlyCount "63"]
[EventDate "2022.03.01"]
[EventType "swiss (blitz)"]
[EventRounds "11"]
[EventCountry "USA"]
[SourceTitle "CBM 207 Extra"]
[Source "ChessBase"]
[SourceDate "2022.05.31"]
[SourceVersion "1"]
[SourceVersionDate "2022.05.31"]
[SourceQuality "1"]

1. e4 c5 2. d4 cxd4 3. c3 dxc3 4. Nxc3 Nc6 5. Nf3 e6 6. Bc4 a6 7. O-O Nge7 8. Bg5 h6 9. Be3 Ng6 10. Bb3 Be7 11. Na4 d6 12. Nb6 Rb8 13. Rc1 O-O 14. Ba4 Bd7 15. Nd4 Nge5 16. Nxd7 Qxd7 17. f4 b5 18. Bb3 $146 ({RR} 18. fxe5 Nxd4 19. Qxd4 bxa4 20. Rfd1 d5 21. Qd2 Rfc8 22. Rxc8+ Qxc8 23. exd5 exd5 24. Qxd5 Rxb2 25. Rc1 Qb7 26. Qxb7 Rxb7 27. Rc2 Rb5 28. Bd4 Rd5 29. Rc8+ Kh7 30. Bc3 Rc5 31. Rxc5 Bxc5+ 32. Kf1 Kg6 {Mayerhofer,P (2160)-Schnider,G (2425) Austria 2019 0-1 (75)}) 18... Nxd4 19. Bxd4 Nc6 20. Bc3 a5 21. Qg4 g6 22. f5 h5 23. Qg3 Kh7 24. Bxe6 Qa7+ 25. Kh1 g5 26. f6 fxe6 27. Qxg5 Bxf6 28. Rxf6 Rxf6 29. Bxf6 Qf7 30. Rxc6 Rg8 31. Rc7 Qxc7 32. Qxh5# 1-0

[Event "RUS Cup Qualifier 4"]
[Site "chessassistantclub.com INT"]
[Date "2004.11.25"]
[Round "?"]
[White "Turov, Maxim"]
[Black "Grebionkin, Vladimir"]
[Result "1-0"]
[WhiteElo "2509"]
[BlackElo "2462"]
[PlyCount "71"]
[EventDate "2004.11.25"]
[EventType "swiss (blitz)"]
[EventRounds "13"]
[EventCountry "RUS"]
[SourceTitle "CBM 103 Extra"]
[Source "ChessBase"]
[SourceDate "2005.01.01"]
[SourceVersion "1"]
[SourceVersionDate "2005.01.01"]
[SourceQuality "1"]

1. e4 c5 2. Nc3 e6 3. f4 d5 4. Nf3 dxe4 5. Nxe4 Nf6 6. Nxf6+ Qxf6 7. g3 Nc6 8. Bg2 g6 9. O-O Bg7 10. d3 O-O 11. c3 Rd8 12. Be3 Qe7 13. Qe2 Rb8 14. Nd2 $146 ({RR} 14. Ng5 Bd7 15. g4 f6 16. Ne4 b6 17. Rae1 e5 18. f5 gxf5 19. gxf5 Kh8 20. Ng3 Qf7 21. b3 Ne7 22. Be4 Bc6 23. Rf2 Rg8 24. Rg2 Nd5 25. Bd2 Nf4 26. Bxf4 Bxe4 27. Nxe4 exf4 28. Nd6 Qf8 {Jackson,O (2168)-Kirby,P (1996) Vale 2017 1-0 (34)}) 14... Bd7 15. Ne4 b6 16. Rad1 Be8 17. g4 f5 18. Ng3 Rbc8 19. Bc1 Qd6 20. Rfe1 Bf7 21. Qf3 Ne7 22. h4 fxg4 23. Qxg4 Nf5 24. Ne4 Qe7 25. Ng5 h6 26. Nf3 Kh7 27. h5 gxh5 28. Qxf5+ exf5 29. Rxe7 Bxa2 30. Rxa7 Bb3 31. Re1 Kg8 32. Ne5 h4 33. Kh2 Bd5 34. Bxd5+ Rxd5 35. Rg1 Kh8 36. Rgxg7 1-0

[Event "Chennai op 4th"]
[Site "Chennai"]
[Date "2012.01.09"]
[Round "8"]
[White "Gomez, John Paul"]
[Black "Rajesh, VAV"]
[Result "1-0"]
[WhiteElo "2506"]
[BlackElo "2338"]
[PlyCount "53"]
[EventDate "2012.01.04"]
[EventType "swiss"]
[EventRounds "11"]
[EventCountry "IND"]
[SourceTitle "CBM 146 Extra"]
[Source "ChessBase"]
[SourceDate "2012.02.29"]
[SourceVersion "1"]
[SourceVersionDate "2012.02.29"]
[SourceQuality "1"]

1. e4 c5 2. Nc3 Nc6 3. Bb5 g6 4. Bxc6 dxc6 5. f4 Bg7 6. Nf3 Nf6 7. O-O O-O 8. d3 b6 9. Qe1 Qc7 ({RR} 9... Bg4 10. Ne5 Qc7 11. Qh4 Be6 12. Nf3 h6 13. f5 g5 14. Nxg5 hxg5 15. Bxg5 Bc8 16. Rf3 Rd8 17. Bh6 Ne8 18. Bxg7 Nxg7 19. Rh3 f6 20. Qh7+ Kf7 21. Qg6+ Kg8 22. Rf1 e6 23. Qh7+ Kf7 24. fxe6+ {Jones,G (2567)-Abhishek,D (2383) Yerevan 2007 1-0}) 10. f5 $146 ({RR} 10. Qh4 Rd8 11. f5 gxf5 12. Bh6 Bxh6 13. Qxh6 Ng4 14. Qh5 Qd6 15. h3 Ne5 16. Nxe5 Qxe5 17. exf5 Qd4+ 18. Kh1 Qg7 19. Rae1 e6 20. f6 Qg6 21. Qh4 Rd4 22. Ne4 Kh8 23. Re3 {1-0 (23) Taylor Bowd,P (2043)-Marley,A (1930) England 2009}) ({RR} 10. Qh4 Ng4 11. h3 Bf6 12. Qe1 Bd4+ 13. Nxd4 cxd4 14. hxg4 dxc3 15. Qh4 Qd7 16. bxc3 Qxg4 17. Qxe7 Be6 18. Qf6 Qh5 19. f5 gxf5 20. exf5 Bd5 21. c4 Bxg2 22. Bb2 {1-0 (22) Lanzilotta,F (1854)-Comas,M (1716) Montevideo URU 2025}) ({RR} 10. Qh4 b5 11. f5 b4 12. Ne2 e5 13. Bh6 Qd7 14. Bxg7 Kxg7 15. g4 Qd6 16. Ng3 a5 17. g5 Ne8 18. Qh6+ Kg8 19. f6 Be6 20. Rae1 c4 21. Re3 Qc5 22. Rfe1 cxd3 23. cxd3 a4 24. Nd2 Rd8 {Sarauskas,A (1529)-Sinitsina,A (1961) Panevezys 2016 0-1 (32)}) 10... Nd7 11. Qh4 Ne5 12. Bf4 Qd6 13. Kh1 Nxf3 14. Rxf3 e5 15. Bh6 Qd8 16. f6 Bh8 17. Bxf8 Qxf8 18. Nd1 Bd7 19. Ne3 Qd6 20. Raf1 Rd8 21. g4 c4 22. Nxc4 Qe6 23. Ne3 Bc8 24. Nf5 gxf5 25. Rxf5 Qd6 26. Rh5 Rd7 27. g5 1-0

[Event "Biel-B"]
[Site "Biel"]
[Date "1988.??.??"]
[Round "3"]
[White "Hickl, Joerg"]
[Black "Cramling, Pia"]
[Result "1-0"]
[WhiteElo "2500"]
[BlackElo "2425"]
[PlyCount "69"]
[EventDate "1988.07.??"]
[EventType "tourn"]
[EventRounds "11"]
[EventCountry "SUI"]
[EventCategory "8"]
[SourceTitle "EXT 1997"]
[Source "ChessBase"]
[SourceDate "1996.11.15"]
[SourceVersion "1"]
[SourceVersionDate "1996.11.15"]
[SourceQuality "1"]

1. e4 c5 2. Nc3 e6 3. f4 d5 4. Nf3 dxe4 5. Nxe4 Nc6 6. b3 Nf6 7. Nf2 Nd5 8. g3 ({RR} 8. Nd3 Qc7 9. g3 Bd7 10. Bb2 f6 11. c4 Ndb4 12. Nf2 Ne7 13. Bg2 O-O-O 14. O-O Nf5 15. a3 Nc6 16. b4 h5 17. Ne4 cxb4 18. axb4 Bxb4 19. c5 h4 20. Qb3 hxg3 21. hxg3 Nxg3 22. Nxg3 Qxf4 {Bade,H (1999)-Steingraeber,K (2131) Germany 2017 1-0 (58)}) 8... Be7 9. Bb2 Bf6 10. Ne5 Qc7 $146 ({RR} 10... Nxe5 11. fxe5 Be7 12. Bg2 O-O 13. Ne4 b6 14. O-O Rb8 15. c4 Nb4 16. Nf6+ Kh8 17. Qh5 h6 18. Ng4 Bg5 19. Rxf7 Rxf7 20. Qxf7 Bd7 21. Nf6 Qf8 22. Qg6 Bxf6 23. exf6 Kg8 24. Be4 Qf7 25. Qh7+ {Pandars,M (2000)-Sakalauskas,V (2335) Siauliai 1995 1-0}) ({RR} 10... Nxe5 11. fxe5 Be7 12. Bg2 h5 13. O-O h4 14. Qg4 hxg3 15. hxg3 g6 16. Ne4 Rh5 17. c4 Nb4 18. Rf6 Nd3 19. Rxg6 fxg6 20. Qxg6+ Kd7 21. Qxh5 Nxb2 22. Rf1 Kc7 23. Rf7 Kb6 24. Qh7 Qd4+ 25. Kh2 {Dombrowski,M-Piekors,M Viernheim 1999 1-0 (35)}) 11. Nfg4 Nxe5 12. fxe5 Be7 13. Bg2 h5 14. Nf2 Bd7 15. Qf3 Bc6 16. Ne4 Nb4 17. O-O Rf8 18. Qxh5 Nxc2 19. Rxf7 O-O-O 20. Rxf8 Bxf8 21. Rf1 Nd4 22. Bxd4 cxd4 23. Rc1 Kb8 24. Nf2 Bb4 25. Bxc6 bxc6 26. Qg5 Rf8 27. Nd3 Rf5 28. Qg6 Bxd2 29. Qxe6 Bxc1 30. Qxf5 Be3+ 31. Kg2 Qa5 32. Qf8+ Kc7 33. Qd6+ Kb7 34. Nc5+ Kb6 35. Qd8+ 1-0

[Event "Litomysl op 11th"]
[Site "Litomysl"]
[Date "2010.01.01"]
[Round "8"]
[White "Tazbir, Marcin"]
[Black "Plat, Vojtech"]
[Result "1-0"]
[WhiteElo "2497"]
[BlackElo "2388"]
[PlyCount "79"]
[EventDate "2009.12.26"]
[EventType "swiss"]
[EventRounds "9"]
[EventCountry "CZE"]
[SourceTitle "CBM 134 Extra"]
[Source "ChessBase"]
[SourceDate "2010.03.03"]
[SourceVersion "1"]
[SourceVersionDate "2010.03.03"]
[SourceQuality "1"]

1. e4 c5 2. Nc3 Nc6 3. Bb5 g6 4. Bxc6 dxc6 5. d3 Bg7 6. f4 Nf6 7. Nf3 O-O 8. O-O b6 9. Qe1 Bg4 ({RR} 9... Ba6 10. b3 Nd7 11. e5 f6 12. Bb2 fxe5 13. fxe5 Qc7 14. Nd1 Rf4 15. e6 Bxb2 16. Nxb2 Nf6 17. Qe5 Rc8 18. Rae1 Qxe5 19. Nxe5 Rxf1+ 20. Kxf1 Bb7 21. a4 Rf8 22. Kg1 Nd5 23. Nbc4 Nf4 24. Nd7 {Indjic,A (2641)-Kanakaris,G (2391) chess.com INT 2023 1-0 (43)}) ({RR} 9... Ba6 10. f5 Qc7 11. Qh4 e5 12. Bh6 Qe7 13. Ng5 Nh5 14. Bxg7 Kxg7 15. Ne6+ {1-0 (15) Bersamina,P (2411)-Naudin,Y (1916) Bangkok THA 2025}) 10. Ne5 Bd7 $146 ({RR} 10... Qc7 11. Qh4 Be6 12. h3 b5 13. Nf3 c4 14. f5 gxf5 15. Bh6 Bxh6 16. Qxh6 Kh8 17. e5 Ng8 18. Qh5 cxd3 19. cxd3 Rad8 20. d4 f6 21. Rfe1 c5 22. exf6 Nxf6 23. Qh4 cxd4 24. Nxb5 Qb6 25. Nbxd4 {Masague Artero,G (2302)-Remizov,Y (2421) chess.com INT 2023 0-1 (46)}) ({RR} 10... Qc7 11. Qh4 Bc8 12. h3 Nd7 13. Nf3 f6 14. Qf2 e5 15. f5 Rd8 16. Qh4 Nf8 17. g4 a5 18. g5 Qe7 19. gxf6 Bxf6 20. Bg5 Bxg5 21. Nxg5 Rd6 22. Kh2 Ra7 23. Rg1 Kh8 24. Raf1 Qg7 25. Qf2 {Plazuelo Pascual,J (2454)-Kumaran,B (2298) chess.com INT 2023 1-0 (48)}) 11. h3 e6 12. Nf3 b5 13. Be3 c4 14. Bc5 cxd3 15. Bxf8 Qxf8 16. cxd3 Nh5 17. Qd2 c5 18. Ne2 Bc6 19. e5 Bh8 20. Qe3 Rc8 21. Rac1 Bd5 22. g4 Ng7 23. Nc3 Ne8 24. Nxd5 exd5 25. d4 c4 26. f5 Bg7 27. f6 Bh8 28. Ng5 Nc7 29. e6 Nxe6 30. Nxe6 Qe8 31. Rce1 Qxe6 32. Qxe6 fxe6 33. Rxe6 g5 34. Re5 Kf7 35. Rxg5 Rd8 36. Re5 b4 37. g5 Kg6 38. Kg2 h6 39. h4 a5 40. Rfe1 1-0

[Event "Titled Tue 2nd May Early"]
[Site "chess.com INT"]
[Date "2023.05.02"]
[Round "4"]
[White "Csonka, B.."]
[Black "Ingebretsen, Jens E"]
[Result "1-0"]
[WhiteElo "2496"]
[BlackElo "2342"]
[PlyCount "67"]
[EventDate "2023.05.02"]

1. e4 c5 2. Nc3 Nc6 3. Bb5 g6 4. Bxc6 dxc6 5. d3 Bg7 6. f4 Nf6 7. Nf3 O-O 8. O-O Nd7 ({RR} 8... b5 9. Qe1 c4 10. dxc4 bxc4 11. Be3 Ng4 12. Rd1 Qc7 13. e5 Nxe3 14. Qxe3 Rb8 15. Na4 Bf5 16. Nd4 Bg4 17. Rd2 c5 18. Ne2 Bxe2 19. Rxe2 Qa5 20. Qa3 e6 21. Nc3 Qb4 22. Rd1 Qxb2 23. Qxb2 {Khaetsky,R (2386)-Mamedov,R (2645) Pardubice 2009 1-0 (54)}) 9. Be3 b6 10. Qe1 $146 ({RR} 10. h3 e5 11. Qd2 Qe7 12. f5 f6 13. g4 Ba6 14. b3 b5 15. a4 Rab8 16. axb5 Bxb5 17. Rxa7 Qd6 18. Nh4 g5 19. Nf3 Ra8 20. Rfa1 Rxa7 21. Rxa7 Nb6 22. Qf2 Nd7 23. Ne2 Rd8 24. Ng3 Qb8 {Muzychuk,A (2525)-Kiribayeva,T (1544) Almaty KAZ 2024 1-0 (51)}) 10... Nf6 11. h3 Re8 12. g4 h5 13. g5 Nh7 14. Kh2 e5 15. fxe5 Be6 16. Qg3 Qd7 17. Ne2 Rad8 18. b3 Nf8 19. Bc1 a5 20. Bb2 Qc7 21. Nh4 Nd7 22. Rf6 Nxf6 23. gxf6 Bh6 24. Nxg6 Kh7 25. Ne7 Rg8 26. Nxg8 Rxg8 27. Qh4 Rg5 28. Rg1 Rxg1 29. Nxg1 Qd7 30. Nf3 Kg6 31. Qg3+ Kh7 32. Ng5+ Bxg5 33. Qxg5 Bg4 34. Qg7# 1-0

[Event "Titled Tue 31st Dec Late"]
[Site "chess.com INT"]
[Date "2024.12.31"]
[Round "11"]
[White "Obregon Rivero, J.."]
[Black "Yoo, Christopher Woojin"]
[Result "1-0"]
[WhiteElo "2496"]
[BlackElo "2588"]
[PlyCount "49"]
[EventDate "2024.12.31"]

1. e4 c5 2. d4 cxd4 3. c3 dxc3 4. Nxc3 Nc6 5. Nf3 e6 6. Bc4 a6 7. O-O d6 8. Bf4 Nf6 9. Qe2 Be7 10. Rfd1 Qc7 11. Rac1 O-O 12. a3 b5 ({RR} 12... Nd7 13. Ba2 Qb8 14. h3 Nde5 15. Nd2 b5 16. Bg3 Qa7 17. Kh2 Bb7 18. f4 Nd4 19. Qf1 Nd7 20. Bf2 e5 21. Nd5 Bd8 22. Nf3 Nxf3+ 23. gxf3 Qb8 24. Qg2 Nf6 25. Rg1 g6 26. Ne3 exf4 27. Nf5 {Obregon Rivero,J (2485)-Fedotov,N (2311) chess.com INT 2025 1-0}) 13. Ba2 Nh5 14. Be3 Qd7 $146 ({RR} 14... Bb7 15. Nd5 exd5 16. exd5 Nf6 17. dxc6 Bc8 18. h3 Ne4 19. Bb6 Qxb6 20. Qxe4 Ra7 21. Nd4 g6 22. Ne2 Bf5 23. Qf3 Rc7 24. Nf4 Ra7 25. Nd5 Qd8 26. c7 Qd7 27. Qe3 {1-0 (27) Levchuk,D-Kharchenko,I Kiev 2005}) 15. e5 f5 16. Nd5 Bd8 17. exd6 Nf6 18. Ne7+ Nxe7 19. dxe7 Qxe7 20. Bc5 Qe8 21. Bxf8 Kxf8 22. Ng5 e5 23. Rxc8 Rxc8 24. Ne6+ Ke7 25. Qxe5 1-0

[Event "Kurnosov Mem Rapid 2023"]
[Site "Chelyabinsk RUS"]
[Date "2023.09.08"]
[Round "3.3"]
[White "Pridorozhni, A.."]
[Black "Shangin, V.."]
[Result "1-0"]
[WhiteElo "2494"]
[BlackElo "2265"]
[PlyCount "72"]
[EventDate "2023.09.08"]
[EventType "rapid"]

1. e4 c5 2. Nc3 Nc6 3. Bb5 g6 4. Bxc6 dxc6 5. d3 Bg7 6. f4 Nf6 7. Nf3 O-O 8. O-O Bg4 9. Qe1 c4 10. e5 Ne8 11. dxc4 Bxf3 12. Rxf3 Qd4+ 13. Be3 Qxc4 14. Rd1 $146 ({RR} 14. b3 Qe6 15. Bf2 Nc7 16. Ne4 f6 17. exf6 exf6 18. f5 gxf5 19. Ng3 Qxe1+ 20. Rxe1 Rfe8 21. Nxf5 Rxe1+ 22. Bxe1 Rd8 23. Bc3 Ne6 24. Nxg7 Nxg7 25. Bxf6 Rd1+ 26. Rf1 Rd2 27. c3 Rxa2 28. b4 Ne6 {Pridorozhni,A (2574)-Gogolev,A (2389) Sochi 2018 1-0 (79)}) 14... Qe6 15. Bf2 Nc7 16. Rfd3 f6 17. exf6 Bxf6 18. g3 Qxe1+ 19. Bxe1 b6 20. b3 e5 21. Rd7 Ne6 22. Ne4 Bg7 23. Bc3 Nd4 24. Bxd4 exd4 25. Kg2 Rf7 26. Rxf7 Kxf7 27. Re1 Bf6 28. Nd6+ Kf8 29. Re6 Be7 30. Nc4 Rc8 31. Ne5 c5 32. a4 Rc7 33. Kf3 Rb7 34. Ke4 a6 35. a5 bxa5 36. Rxa6 Bd8 1-0